000 00356nam a2200121 4500
999 _c516921
_d516921
082 _aTNC L12x71 D968
100 _aDwivedi, O.P. and Gow, James Iain
_923765
245 _aFrom bureaucracy to public management
260 _aCanada
_bIPAC
_c1937
300 _a192p
650 _aCivil Service - Canada
_923766
650 _aPolitical culture - Canada
_923767